Lecciones elementales de fisica terrestre (Record no. 165100)

MARC details
000 -LEADER
campo de control de longitud fija 00817nam a22001815i 4500
001 - NÚMERO DE CONTROL
campo de control 165100
003 - IDENTIFICADOR DE NÚMERO DE CONTROL
campo de control ES-MaACL
005 - FECHA Y HORA DE LA ÚLTIMA TRANSACCIÓN
campo de control 20250906063134.0
008 - DATOS DE LONGITUD FIJA--INFORMACIÓN GENERAL
campo de control de longitud fija 970602s1886 sp |||| | spa d
040 ## - FUENTE DE CATALOGACIÓN
Centro catalogador/agencia de origen AR
Lengua de catalogación spa
Centro/agencia transcriptor AR
100 1# - ENTRADA PRINCIPAL--NOMBRE DE PERSONA
Nombre de persona Secchi, Angelo,
Fechas asociadas al nombre 1818-1878
9 (RLIN) 132608
245 10 - MENCIÓN DEL TÍTULO
Título Lecciones elementales de fisica terrestre
Resto del título : adicionadas con dos discursos sobre la grandeza de la creacion /
Mención de responsabilidad, etc. escritos póstumos del P. Angel Secchi ; traducidos por primera vez directamente al castellano por Patricio Montojo y Pasarón.
260 ## - PUBLICACIÓN, DISTRIBUCIÓN, ETC.
Lugar de publicación, distribución, etc. Madrid :
Nombre del editor, distribuidor, etc. [s.n.],
Fecha de publicación, distribución, etc. 1886 (
Fabricante Establecimiento tip. "Sucesores de Rivadeneyra")
300 ## - DESCRIPCIÓN FÍSICA
Extensión VIII, 231 p., IX h. de lám. :
Otras características físicas il. ;
Dimensiones 24 cm.
700 1# - ENTRADA AGREGADA--NOMBRE PERSONAL
Nombre de persona Montojo, Patricio,
Fechas asociadas al nombre 1839-1917
9 (RLIN) 82670
852 ## - LOCALIZACIÓN
Ubicación ES-MaACL
Número de control de estantería B-1991
Nota libre -- Enc. hol.
Holdings
Estatus retirado Estado de pérdida Estado de daño No para préstamo Colección Biblioteca de origen Biblioteca actual Ubicación en estantería Fecha de adquisición Fuente de adquisición Total de préstamos Signatura topográfica completa Código de barras Visto por última vez Precio de reemplazo Tipo de ítem Koha
        Libros del s. XIX Biblioteca del Ateneo de Madrid Biblioteca del Ateneo de Madrid Sala Pardo Bazán 17/01/2008     B-1991 1173112 23/02/2023 23/02/2023 Libro impreso antiguo